Statistics for Is this Player Nba free agent (2023)

Click here to take the quiz!

General Stats

  • This quiz has been taken 48 times
  • The average score is 11 of 15

Answer Stats

QuestionAnswer% Correct
Stephen CurryNo
93%
Jamal MurrayNo
91%
Jimmy ButlerNo
87%
Klay ThompsonNo
84%
Jayson TatumNo
84%
Domantas SabonisNo
80%
Derrick RoseYes
73%
Aaron HolidayYes
69%
Jeff GreenYes
69%
Kevin KnoxYes
69%
Patrick BeverleyYes
69%
Will BartonYes
64%
Jerami GrantYes
56%
James HardenYes
51%
Jakob PoeltlYes
51%

Score Distribution

Percentile by Number Answered

Percent of People with Each Score

Your Score History

You have not taken this quiz